[Event "Titled Tuesday intern op 06th Dec Late"]
[Site "Chess.com INT"]
[Date "2022.12.06"]
[Round "1"]
[White "Osmonbekov, Talaibek D"]
[Black "Obrien, Matthew J"]
[Result "1-0"]
[WhiteElo "2137"]
[BlackElo "2162"]
[PlyCount "101"]
[EventDate "2022.12.06"]
[EventType "swiss (blitz)"]
[EventRounds "11"]
[EventCountry "USA"]
[SourceTitle "CBM 211 Extra"]
[Source "ChessBase"]
[SourceDate "2023.01.31"]
[SourceVersion "1"]
[SourceVersionDate "2023.01.31"]
[SourceQuality "1"]

1. d4 Nf6 2. Bf4 g6 3. Nc3 d5 4. e3 Bg7 5. h4 h5 6. Nf3 0-0 7. Ne5 c5 8. Qd2 Nc6 9. 0-0-0 Be6 10. f3 Qa5 11. Kb1 cxd4 12. exd4 Rfc8 13. Be2 Nxe5 14. Bxe5 b5 15. Nxb5 Qb6 16. Nc3 a5 17. Na4 Qc6 18. Nc5 a4 19. a3 Bf5 20. Bd3 Bxd3 21. Qxd3 Nd7 22. Nxd7 Qxd7 23. Bxg7 Kxg7 24. g4 hxg4 25. h5 Rh8 26. hxg6 fxg6 27. fxg4 Qxg4 28. Rhg1 Qh5 29. Rg3 Raf8 30. Rdg1 Rf6 31. Qb5 Rhf8 32. Qxa4 Rf1+ 33. Rxf1 Rxf1+ 34. Ka2 Qd1 35. Qc6 Qa1+ 36. Kb3 Rf6 37. Qxd5 Qe1 38. Qe5 Qf2 39. Qxe7+ Rf7 40. Qe5+ Rf6 41. Rc3 Kh6 42. d5 Rf5 43. Rh3+ Rh5 44. Rxh5+ gxh5 45. d6 Qb6+ 46. Ka2 Qc6 47. Qf4+ Kg6 48. Qd2 Qd7 49. Qd5 h4 50. Qe4+ Kg5 51. Qe7+ 1-0

[Event "Titled Tuesday intern op 29th Nov Late"]
[Site "Chess.com INT"]
[Date "2022.11.29"]
[Round "3"]
[White "Obrien, Matthew J"]
[Black "Kamsky, Gata"]
[Result "0-1"]
[WhiteElo "2182"]
[BlackElo "2666"]
[PlyCount "47"]
[EventDate "2022.11.29"]
[EventType "swiss (blitz)"]
[EventRounds "11"]
[EventCountry "USA"]
[SourceTitle "EXT 2024"]
[Source "ChessBase"]
[SourceDate "2023.10.10"]
[SourceVersion "1"]
[SourceVersionDate "2023.10.10"]
[SourceQuality "1"]

1. e4 c5 2. Nf3 e6 3. d4 cxd4 4. Nxd4 a6 5. Nc3 b5 6. Bd3 Qb6 7. Nb3 Nc6 8. Be3 Qc7 9. 0-0 Nf6 10. f4 d6 11. a4 b4 12. Ne2 Ng4 13. Qd2 Nxe3 14. Qxe3 Qa7 15. Qxa7 Rxa7 16. a5 Be7 17. Ned4 Nxd4 18. Nxd4 Bd7 19. Nf3 0-0 20. e5 Bc6 21. exd6 Bxd6 22. Ne5 Bd5 23. b3 g6 24. Nd7 0-1

[Event "Titled Tuesday intern op 22nd Nov Late"]
[Site "Chess.com INT"]
[Date "2022.11.22"]
[Round "1"]
[White "Antonio, Jorge Carlos"]
[Black "Obrien, Matthew J"]
[Result "0-1"]
[WhiteElo "2277"]
[BlackElo "2182"]
[PlyCount "60"]
[EventDate "2022.11.22"]
[EventType "swiss (blitz)"]
[EventRounds "11"]
[EventCountry "USA"]
[SourceTitle "CBM 211 Extra"]
[Source "ChessBase"]
[SourceDate "2023.01.31"]
[SourceVersion "1"]
[SourceVersionDate "2023.01.31"]
[SourceQuality "1"]

1. d4 Nf6 2. Nf3 g6 3. c4 Bg7 4. Nc3 0-0 5. e4 d6 6. Be2 Nbd7 7. 0-0 e5 8. d5 Nc5 9. Bd3 Nh5 10. b4 Nxd3 11. Qxd3 a5 12. b5 h6 13. a4 Kh7 14. Be3 f5 15. Rac1 b6 16. Ne1 f4 17. Bd2 g5 18. f3 g4 19. Kf2 Qh4+ 20. Kg1 g3 21. h3 Bf6 22. Qe2 Rg8 23. Nd3 Bxh3 24. gxh3 g2 25. Rf2 Qxh3 26. Rxg2 Rxg2+ 27. Qxg2 Rg8 28. Qxg8+ Kxg8 29. Rf1 Ng3 30. Rf2 Qh1# 0-1

[Event "Titled Tuesday intern op 08th Nov Early"]
[Site "Chess.com INT"]
[Date "2022.11.08"]
[Round "1"]
[White "Mills, Morgon"]
[Black "Obrien, Matthew J"]
[Result "1/2-1/2"]
[WhiteElo "2009"]
[BlackElo "2182"]
[PlyCount "167"]
[EventDate "2022.11.08"]
[EventType "swiss (blitz)"]
[EventRounds "11"]
[EventCountry "USA"]
[SourceTitle "EXT 2024"]
[Source "ChessBase"]
[SourceDate "2023.10.10"]
[SourceVersion "1"]
[SourceVersionDate "2023.10.10"]
[SourceQuality "1"]

1. e4 c5 2. Nf3 e6 3. c3 Nc6 4. d4 d5 5. exd5 Qxd5 6. Be2 Nf6 7. h3 Be7 8. Be3 cxd4 9. cxd4 0-0 10. 0-0 b6 11. Nc3 Qd8 12. Ne5 Bb7 13. Bf3 Rc8 14. Qa4 Qc7 15. Nb5 Qb8 16. Nxc6 Bxc6 17. Bxc6 Rxc6 18. Qxa7 Qxa7 19. Nxa7 Rc2 20. b3 Ra8 21. Nb5 Raxa2 22. Rxa2 Rxa2 23. Rc1 h6 24. Rc7 Nd5 25. Rc8+ Kh7 26. Rb8 Rb2 27. g3 Rxb3 28. Na7 Nxe3 29. fxe3 Rxe3 30. Rxb6 Rxg3+ 31. Kh2 Rd3 32. Nc6 Bf6 33. Rb7 Kg6 34. Rd7 e5 35. d5 e4 36. Kg2 Rd2+ 37. Kf1 e3 38. Ne7+ Bxe7 39. Rxe7 Rxd5 40. Rxe3 Rf5+ 41. Kg2 f6 42. Kg3 h5 43. h4 Re5 44. Rd3 Re6 45. Rc3 f5 46. Rd3 Rf6 47. Kf4 Re6 48. Kg3 Re4 49. Rd6+ Kh7 50. Rd5 g6 51. Rd7+ Kh6 52. Rc7 Rg4+ 53. Kh3 f4 54. Rf7 Rg3+ 55. Kh2 Rf3 56. Kg2 Rg3+ 57. Kh2 Rg4 58. Kh3 g5 59. Rf6+ Kg7 60. hxg5 Rg3+ 61. Kh4 Rg1 62. Rxf4 Rh1+ 63. Kg3 Kg6 64. Rf2 Kxg5 65. Kg2 Rc1 66. Kh2 Rc4 67. Rg2+ Rg4 68. Rf2 Kh4 69. Kh1 Kg3 70. Rg2+ Kf3 71. Rh2 h4 72. Rh3+ Kf4 73. Rh2 Kg5 74. Rf2 Rg3 75. Rg2 Kg4 76. Rh2 Kg5 77. Rg2 Kh5 78. Rh2 Kg4 79. Rg2 h3 80. Rxg3+ Kxg3 81. Kg1 Kf3 82. Kh1 Ke2 83. Kh2 Kf2 84. Kxh3 1/2-1/2

[Event "Titled Tuesday intern op 18th Oct Late"]
[Site "Chess.com INT"]
[Date "2022.10.18"]
[Round "1"]
[White "Marin Ramirez, Gerardo"]
[Black "Obrien, Matthew J"]
[Result "0-1"]
[WhiteElo "2141"]
[BlackElo "2182"]
[PlyCount "78"]
[EventDate "2022.10.18"]
[EventType "swiss (blitz)"]
[EventRounds "11"]
[EventCountry "USA"]
[SourceTitle "EXT 2024"]
[Source "ChessBase"]
[SourceDate "2023.10.10"]
[SourceVersion "1"]
[SourceVersionDate "2023.10.10"]
[SourceQuality "1"]

1. d4 Nf6 2. Nf3 g6 3. c4 Bg7 4. g3 0-0 5. Bg2 d6 6. 0-0 c6 7. Qc2 Bf5 8. Qb3 Qc8 9. Nc3 Na6 10. e4 Nxe4 11. Nxe4 Bxe4 12. Re1 d5 13. cxd5 cxd5 14. Bg5 e6 15. Rac1 Qd7 16. Ne5 Qd6 17. Bxe4 dxe4 18. Rxe4 f6 19. Nf3 fxg5 20. Rxe6 Qd8 21. Rd6+ Kh8 22. Rxd8 Raxd8 23. Rd1 h6 24. d5 b6 25. d6 Nc5 26. Qd5 Rf5 27. Qc6 Rdf8 28. b4 Ne6 29. Rd3 Kh7 30. d7 Nd8 31. Qe4 R5f7 32. Kg2 Bf6 33. Qa8 Be7 34. Qxa7 g4 35. Nd2 Rxf2+ 36. Kg1 Bxb4 37. Ne4 Bc5 38. Kh1 Rf1+ 39. Kg2 Rg1# 0-1

[Event "Titled Tuesday intern op 18th Oct Early"]
[Site "Chess.com INT"]
[Date "2022.10.18"]
[Round "3"]
[White "Matveeva, Olga"]
[Black "Obrien, Matthew J"]
[Result "1-0"]
[WhiteElo "2111"]
[BlackElo "2182"]
[PlyCount "41"]
[EventDate "2022.10.18"]
[EventType "swiss (blitz)"]
[EventRounds "11"]
[EventCountry "USA"]
[SourceTitle "EXT 2024"]
[Source "ChessBase"]
[SourceDate "2023.10.10"]
[SourceVersion "1"]
[SourceVersionDate "2023.10.10"]
[SourceQuality "1"]

1. d4 Nf6 2. c4 g6 3. g3 Bg7 4. Bg2 0-0 5. Nf3 d6 6. 0-0 c6 7. Nc3 Bf5 8. Nh4 Be6 9. Qd3 d5 10. b3 Na6 11. a3 Qd7 12. Rd1 Rfd8 13. Bb2 Bh3 14. Bh1 Rac8 15. Rac1 Qe8 16. e4 dxe4 17. Nxe4 Bf5 18. Nxf5 gxf5 19. Nxf6+ Bxf6 20. Qxf5 Qd7 21. Qh5 1-0

[Event "Titled Tuesday intern op 18th Oct Late"]
[Site "Chess.com INT"]
[Date "2022.10.18"]
[Round "3"]
[White "Obrien, Matthew J"]
[Black "Bernat, David"]
[Result "1/2-1/2"]
[WhiteElo "2182"]
[BlackElo "1862"]
[PlyCount "87"]
[EventDate "2022.10.18"]
[EventType "swiss (blitz)"]
[EventRounds "11"]
[EventCountry "USA"]
[SourceTitle "EXT 2024"]
[Source "ChessBase"]
[SourceDate "2023.10.10"]
[SourceVersion "1"]
[SourceVersionDate "2023.10.10"]
[SourceQuality "1"]

1. e4 c5 2. Nf3 g6 3. d4 cxd4 4. Qxd4 Nf6 5. Nc3 Nc6 6. Qa4 d6 7. e5 dxe5 8. Nxe5 Bg7 9. Nxc6 bxc6 10. Qxc6+ Bd7 11. Qa6 0-0 12. Bd3 Qc8 13. 0-0 Qxa6 14. Bxa6 Rab8 15. a4 Bf5 16. Bd3 Bxd3 17. cxd3 Rfd8 18. Rd1 Rb3 19. Ra3 Rxa3 20. bxa3 Ng4 21. Nb5 a6 22. h3 axb5 23. hxg4 bxa4 24. Bg5 Rd7 25. d4 Rxd4 26. Rxd4 Bxd4 27. Bxe7 f5 28. gxf5 gxf5 29. Kf1 Kf7 30. Bb4 Ke6 31. Ke2 Kd5 32. Kf3 Kc4 33. Kf4 Bxf2 34. Kxf5 Bd4 35. g4 Kb3 36. Kg5 Be3+ 37. Kf6 Bc1 38. Kg7 h6 39. Kg6 Bxa3 40. Bd2 Bf8 41. Bc1 a3 42. Bxa3 Kxa3 43. g5 hxg5 44. Kxg5 1/2-1/2

[Event "Titled Tuesday intern op 18th Oct Early"]
[Site "Chess.com INT"]
[Date "2022.10.18"]
[Round "1"]
[White "Okeke, Isaac Chukwudalu"]
[Black "Obrien, Matthew J"]
[Result "0-1"]
[WhiteElo "2194"]
[BlackElo "2182"]
[PlyCount "86"]
[EventDate "2022.10.18"]
[EventType "swiss (blitz)"]
[EventRounds "11"]
[EventCountry "USA"]
[SourceTitle "EXT 2024"]
[Source "ChessBase"]
[SourceDate "2023.10.10"]
[SourceVersion "1"]
[SourceVersionDate "2023.10.10"]
[SourceQuality "1"]

1. e4 c5 2. Nf3 d6 3. d3 Nc6 4. g3 e5 5. Bg2 g6 6. 0-0 Bg7 7. a4 Nge7 8. Na3 0-0 9. Nc4 h6 10. c3 Be6 11. Be3 Qd7 12. Qd2 Kh7 13. h4 Rab8 14. b3 b6 15. Rab1 a6 16. b4 b5 17. axb5 axb5 18. Na3 cxb4 19. cxb4 d5 20. Bc5 Rfd8 21. Qe3 f5 22. h5 gxh5 23. Nh4 fxe4 24. dxe4 d4 25. Qe2 Bg4 26. Qd3 Bf6 27. Nxb5 Bxh4 28. gxh4 Rg8 29. Kh2 Ng6 30. Nd6 Nxh4 31. Bh1 Qg7 32. Rg1 Qg5 33. Qg3 Ng6 34. Nf5 Nf4 35. Nh4 Ne2 36. Qg2 Qf4+ 37. Qg3 Nxg3 38. fxg3 Qf2+ 39. Rg2 Qe3 40. Rf1 Rg7 41. Rgf2 Be6 42. Nf5 Bxf5 43. exf5 Qxg3# 0-1

[Event "Titled Tuesday intern op 11th Oct Late"]
[Site "Chess.com INT"]
[Date "2022.10.11"]
[Round "1"]
[White "Obrien, Matthew J"]
[Black "Naroditsky, Daniel"]
[Result "0-1"]
[WhiteElo "2182"]
[BlackElo "2617"]
[PlyCount "94"]
[EventDate "2022.10.11"]
[EventType "swiss (blitz)"]
[EventRounds "11"]
[EventCountry "USA"]
[SourceTitle "EXT 2024"]
[Source "ChessBase"]
[SourceDate "2023.10.10"]
[SourceVersion "1"]
[SourceVersionDate "2023.10.10"]
[SourceQuality "1"]

1. e4 c6 2. Nf3 d5 3. d3 Qc7 4. Nc3 dxe4 5. dxe4 e5 6. Bc4 b5 7. Bb3 h6 8. 0-0 Nf6 9. h3 Nbd7 10. Re1 Be7 11. Nh4 Nc5 12. Nf5 Bxf5 13. exf5 0-0 14. Qe2 Bd6 15. Be3 Rfe8 16. Bxc5 Bxc5 17. Ne4 Be7 18. Nxf6+ Bxf6 19. Qe4 Rad8 20. Rad1 a6 21. c3 c5 22. Bd5 c4 23. Qf3 Rd6 24. Be4 Red8 25. a3 Qd7 26. Bc2 Rd2 27. Qe4 Qa7 28. Rxd2 Rxd2 29. Re2 Rd6 30. Qe3 Qd7 31. Qe4 Rd2 32. g3 Kh7 33. h4 Qd6 34. Kg2 Qd7 35. Qe3 Rd6 36. Be4 Kg8 37. Qf3 Bd8 38. f6 Rxf6 39. Qh5 Bc7 40. Re3 Qd2 41. Bf3 Qxb2 42. Qg4 Bb6 43. Qc8+ Kh7 44. Be4+ g6 45. Rf3 Rxf3 46. Bxf3 Qxf2+ 47. Kh3 Qxf3 0-1

[Event "Titled Tuesday intern op 11th Oct Early"]
[Site "Chess.com INT"]
[Date "2022.10.11"]
[Round "1"]
[White "Obrien, Matthew J"]
[Black "Terry, Renato"]
[Result "0-1"]
[WhiteElo "2182"]
[BlackElo "2516"]
[PlyCount "80"]
[EventDate "2022.10.11"]
[EventType "swiss (blitz)"]
[EventRounds "11"]
[EventCountry "USA"]
[SourceTitle "EXT 2024"]
[Source "ChessBase"]
[SourceDate "2023.10.10"]
[SourceVersion "1"]
[SourceVersionDate "2023.10.10"]
[SourceQuality "1"]

1. e4 c6 2. d4 d5 3. e5 Bf5 4. h4 h6 5. g4 Bd7 6. Be3 e6 7. h5 c5 8. dxc5 Qc7 9. Nf3 Bxc5 10. Bxc5 Qxc5 11. Nc3 Ne7 12. Qd4 Qc7 13. Nb5 Bxb5 14. Bxb5+ Nbc6 15. 0-0-0 0-0-0 16. Qa4 Qb6 17. Rd2 Kb8 18. Kb1 Rc8 19. c3 a6 20. Bxc6 Nxc6 21. Qb3 Qc5 22. Re1 Na5 23. Qb4 Nc4 24. Rd4 Qxb4 25. cxb4 Rc7 26. Rc1 Rhc8 27. Rc3 Ka7 28. a3 Kb6 29. Ka2 Ka7 30. Rf4 Nb6 31. Rxc7 Rxc7 32. Kb3 Nc4 33. a4 b5 34. axb5 axb5 35. Rd4 Kb6 36. Rd1 Ra7 37. Re1 Ra8 38. Nd4 Rc8 39. f4 Nd2+ 40. Ka2 Ra8# 0-1

[Event "Titled Tuesday intern op 04th Oct Late"]
[Site "Chess.com INT"]
[Date "2022.10.04"]
[Round "1"]
[White "Lindholt, Malik"]
[Black "Obrien, Matthew J"]
[Result "0-1"]
[WhiteElo "2172"]
[BlackElo "2182"]
[PlyCount "56"]
[EventDate "2022.10.04"]
[EventType "swiss (blitz)"]
[EventRounds "11"]
[EventCountry "USA"]
[SourceTitle "EXT 2023"]
[Source "ChessBase"]
[SourceDate "2022.10.05"]
[SourceVersion "1"]
[SourceVersionDate "2022.10.05"]
[SourceQuality "1"]

1. e4 c5 2. Nf3 d6 3. d4 cxd4 4. Nxd4 Nf6 5. Nc3 a6 6. Be3 e6 7. g4 e5 8. Nf5 g6 9. g5 gxf5 10. exf5 d5 11. Qd2 d4 12. 0-0-0 Nfd7 13. Bxd4 exd4 14. Qxd4 Qxg5+ 15. Kb1 Bg7 16. Qe4+ Qe7 17. Qg2 Bxc3 18. bxc3 Nc5 19. Qg7 Rf8 20. f6 Qc7 21. Bc4 Be6 22. Rhe1 Nbd7 23. Bxe6 Qb6+ 24. Ka1 Kd8 25. Qxf8+ Kc7 26. Bxd7 Rxf8 27. Bf5 Qxf6 28. Re3 Qxf5 0-1

[Event "Titled Tuesday intern op 04th Oct Late"]
[Site "Chess.com INT"]
[Date "2022.10.04"]
[Round "2"]
[White "Obrien, Matthew J"]
[Black "Vazquez, Guillermo"]
[Result "0-1"]
[WhiteElo "2182"]
[BlackElo "2573"]
[PlyCount "106"]
[EventDate "2022.10.04"]
[EventType "swiss (blitz)"]
[EventRounds "11"]
[EventCountry "USA"]
[SourceTitle "EXT 2023"]
[Source "ChessBase"]
[SourceDate "2022.10.05"]
[SourceVersion "1"]
[SourceVersionDate "2022.10.05"]
[SourceQuality "1"]

1. e4 e5 2. Nf3 Nc6 3. Bc4 Nf6 4. d3 h6 5. 0-0 d6 6. d4 exd4 7. Nxd4 Be7 8. Nc3 0-0 9. Re1 Re8 10. h3 Bf8 11. Bb5 Bd7 12. Bxc6 bxc6 13. Qf3 g6 14. Bf4 Bg7 15. Rad1 Qb8 16. e5 Nh5 17. Bh2 Qb6 18. Nb3 Bh8 19. g4 Ng7 20. exd6 cxd6 21. Bxd6 Ne6 22. h4 Rad8 23. Ne4 c5 24. Nf6+ Bxf6 25. Qxf6 Ng7 26. Be5 Qxf6 27. Bxf6 Rxe1+ 28. Rxe1 Rc8 29. Re7 Bxg4 30. Rxa7 Nh5 31. Be5 Re8 32. f4 f6 33. Bd6 Re2 34. Bxc5 Rxc2 35. Bd4 Bf3 36. Bc3 Rg2+ 37. Kf1 Ng3+ 38. Ke1 Re2+ 39. Kd1 Re7+ 40. Kc2 Rxa7 41. Nd4 Be4+ 42. Kd2 Rxa2 43. Ke3 Bb1 44. Nb5 Nf5+ 45. Kd2 Ra4 46. Bxf6 Rxf4 47. Nc3 Be4 48. Be5 Rxh4 49. b4 Bb7 50. b5 h5 51. b6 Rb4 52. Bc7 h4 53. Na2 Rb2+ 0-1

[Event "Titled Tuesday intern op 14th Jun Late"]
[Site "Chess.com INT"]
[Date "2022.06.14"]
[Round "1"]
[White "Obrien, Matthew J"]
[Black "Jimenez Fernandez, Rebeca"]
[Result "1-0"]
[WhiteElo "2188"]
[BlackElo "1908"]
[PlyCount "43"]
[EventDate "2022.06.14"]
[EventType "swiss (blitz)"]
[EventRounds "11"]
[EventCountry "USA"]
[SourceTitle "EXT 2023"]
[Source "ChessBase"]
[SourceDate "2022.10.05"]
[SourceVersion "1"]
[SourceVersionDate "2022.10.05"]
[SourceQuality "1"]

1. e4 g6 2. d4 Bg7 3. Nc3 Nf6 4. e5 Ng8 5. Nf3 e6 6. h4 h5 7. Bg5 Ne7 8. Ne4 0-0 9. Nf6+ Kh8 10. g4 d6 11. gxh5 dxe5 12. dxe5 Qxd1+ 13. Rxd1 Nd5 14. c4 Bxf6 15. cxd5 Bg7 16. h6 exd5 17. hxg7+ Kxg7 18. Bf6+ Kh7 19. h5 gxh5 20. Rxh5+ Kg6 21. Rg5+ Kh6 22. Rd4 1-0

[Event "Titled Tuesday intern op 14th Jun Early"]
[Site "Chess.com INT"]
[Date "2022.06.14"]
[Round "1"]
[White "Svane, Rasmus"]
[Black "Obrien, Matthew J"]
[Result "1-0"]
[WhiteElo "2649"]
[BlackElo "2188"]
[PlyCount "61"]
[EventDate "2022.06.14"]
[EventType "swiss (blitz)"]
[EventRounds "11"]
[EventCountry "USA"]
[SourceTitle "EXT 2023"]
[Source "ChessBase"]
[SourceDate "2022.10.05"]
[SourceVersion "1"]
[SourceVersionDate "2022.10.05"]
[SourceQuality "1"]

1. Nf3 d5 2. g3 Nf6 3. Bg2 g6 4. c4 d4 5. b4 Bg7 6. Bb2 Ne4 7. Qc2 d3 8. exd3 Bxb2 9. Qxb2 Nf6 10. d4 0-0 11. 0-0 Bf5 12. Re1 Nbd7 13. Nc3 Nb6 14. Qb3 a5 15. bxa5 Rxa5 16. c5 Nbd5 17. Qxb7 Ra8 18. Ne5 Rb8 19. Qa6 Nb4 20. Qa4 Qxd4 21. a3 Nc2 22. Qxd4 Nxd4 23. Nc6 Nxc6 24. Bxc6 Rb2 25. Rxe7 Rxd2 26. Re2 Rxe2 27. Nxe2 Rb8 28. a4 Be4 29. Nd4 Bxc6 30. Nxc6 Nd5 31. Nxb8 1-0

[Event "Titled Tuesday intern op 10th May Late"]
[Site "Chess.com INT"]
[Date "2022.05.10"]
[Round "1"]
[White "Hakobyan, Aram"]
[Black "Obrien, Matthew J"]
[Result "1-0"]
[WhiteElo "2615"]
[BlackElo "2188"]
[PlyCount "71"]
[EventDate "2022.05.10"]
[EventType "swiss (blitz)"]
[EventRounds "11"]
[EventCountry "USA"]
[SourceTitle "CBM 208 Extra"]
[Source "ChessBase"]
[SourceDate "2022.07.31"]
[SourceVersion "1"]
[SourceVersionDate "2022.07.31"]
[SourceQuality "1"]

1. d4 Nf6 2. c4 e6 3. a3 c5 4. d5 exd5 5. cxd5 d6 6. Nc3 g6 7. e4 Bg7 8. Nf3 0-0 9. Be2 a6 10. a4 Re8 11. Nd2 Nbd7 12. 0-0 b6 13. f3 Nh5 14. Nc4 Bd4+ 15. Kh1 Qh4 16. Qe1 Qe7 17. f4 Ndf6 18. Bf3 Bf5 19. e5 Ng4 20. Nxd6 Qxd6 21. Bxg4 Bxg4 22. exd6 Rxe1 23. Rxe1 Rd8 24. Be3 Rxd6 25. h3 Bd7 26. g4 Nf6 27. Rad1 Bxc3 28. bxc3 Rxd5 29. a5 Bc6 30. Kg1 bxa5 31. Rxd5 Nxd5 32. Bxc5 Nxc3 33. Re7 a4 34. Rc7 Bb5 35. Rc8+ Kg7 36. Bd4+ 1-0

[Event "Titled Tuesday intern op 19th Oct"]
[Site "Chess.com INT"]
[Date "2021.10.19"]
[Round "1"]
[White "Obrien, Matthew J"]
[Black "Quirke, Jeffrey"]
[Result "1/2-1/2"]
[WhiteElo "2172"]
[BlackElo "2108"]
[PlyCount "75"]
[EventDate "2021.10.19"]
[EventType "swiss (blitz)"]
[EventRounds "11"]
[EventCountry "USA"]
[SourceTitle "CBM 204 Extra"]
[Source "ChessBase"]
[SourceDate "2021.11.30"]
[SourceVersion "1"]
[SourceVersionDate "2021.11.30"]
[SourceQuality "1"]

1. e4 c6 2. Nc3 d5 3. Nf3 Bg4 4. d4 Nf6 5. Bd3 e6 6. 0-0 dxe4 7. Nxe4 Nbd7 8. c3 Be7 9. Ng3 0-0 10. h3 Bxf3 11. Qxf3 Qc7 12. Re1 Bd6 13. Nh5 Nxh5 14. Qxh5 g6 15. Qh4 Rfe8 16. Bg5 e5 17. Bc4 Nb6 18. Bb3 exd4 19. Qxd4 Bf8 20. Bf6 Qd6 21. Qh4 Bg7 22. Be7 Qc7 23. Rad1 Nd7 24. Qc4 Ne5 25. Rxe5 Rxe7 26. Rxe7 Qxe7 27. Qd3 Re8 28. Qd7 h5 29. Qxe7 Rxe7 30. Kf1 a6 31. Rd8+ Kh7 32. g3 Bf6 33. Rb8 Kg7 34. h4 Be5 35. Rd8 Bf6 36. Rb8 Be5 37. Rd8 Bf6 38. Rb8 1/2-1/2

[Event "Titled Tuesday intern op 31st Aug"]
[Site "Chess.com INT"]
[Date "2021.08.31"]
[Round "5"]
[White "Obrien, Matthew J"]
[Black "Nguyen, Hong Nhung"]
[Result "1-0"]
[WhiteElo "2172"]
[BlackElo "1697"]
[PlyCount "133"]
[EventDate "2021.08.31"]
[EventType "swiss (blitz)"]
[EventRounds "11"]
[EventCountry "USA"]
[SourceTitle "EXT 2022"]
[Source "ChessBase"]
[SourceDate "2021.10.06"]
[SourceVersion "1"]
[SourceVersionDate "2021.10.06"]
[SourceQuality "1"]

1. e4 c5 2. Nf3 e6 3. d4 cxd4 4. Nxd4 Nc6 5. Nc3 Qc7 6. Ndb5 Qb8 7. Be3 Nf6 8. f4 Bb4 9. e5 Ne4 10. Qd3 d5 11. exd6 Nxd6 12. 0-0-0 Nxb5 13. Nxb5 0-0 14. Qe4 a6 15. Nd4 Nxd4 16. Bxd4 Bd6 17. g3 b5 18. Bd3 f5 19. Qe3 Re8 20. Rhe1 Bb7 21. Kb1 Bd5 22. Bc3 b4 23. Bd4 a5 24. Qe2 Qc7 25. Rc1 a4 26. c4 bxc3 27. Rxc3 Qb7 28. Bc4 Be4+ 29. Ka1 Bb4 30. a3 Bxc3 31. Bxc3 Rab8 32. g4 Kh8 33. g5 Qc6 34. g6 hxg6 35. Ba2 Kg8 36. Rg1 Kf7 37. Qe3 Rh8 38. Qd4 Rh7 39. Rd1 Rb7 40. Qe5 Rd7 41. Rc1 Qd6 42. Qb5 Kg8 43. Bb4 Qd3 44. Rc8+ Rd8 45. Qxd3 Rxc8 46. Qd2 Rxh2 47. Qe1 Rh1 48. Bxe6+ Kh7 49. Bxc8 Rxe1+ 50. Bxe1 Kh6 51. Bh4 Kh5 52. Bg5 Kg4 53. b3 axb3 54. Kb2 Kf3 55. Kxb3 Ke3 56. Kb4 Bc2 57. a4 Kd4 58. a5 Bd3 59. a6 Bxa6 60. Bxa6 Ke3 61. Kc5 Ke4 62. Bc8 Kf3 63. Kd6 Kg4 64. Ke7 Kh5 65. Kf7 Kg4 66. Kxg7 Kh5 67. Bd7 1-0

[Event "Titled Tuesday intern op 31st Aug"]
[Site "Chess.com INT"]
[Date "2021.08.31"]
[Round "1"]
[White "Obrien, Matthew J"]
[Black "Wiwatanadate, Poompong"]
[Result "1-0"]
[WhiteElo "2172"]
[BlackElo "2005"]
[PlyCount "105"]
[EventDate "2021.08.31"]
[EventType "swiss (blitz)"]
[EventRounds "11"]
[EventCountry "USA"]
[SourceTitle "EXT 2022"]
[Source "ChessBase"]
[SourceDate "2021.10.06"]
[SourceVersion "1"]
[SourceVersionDate "2021.10.06"]
[SourceQuality "1"]

1. e4 c5 2. Nf3 Nc6 3. d4 cxd4 4. Nxd4 e5 5. Nb5 d6 6. N1c3 a6 7. Na3 b5 8. Nd5 Nge7 9. c3 Be6 10. Be3 f5 11. Bb6 Qb8 12. Nc7+ Kf7 13. Nxa8 Qxa8 14. Bd3 f4 15. Bc2 Qb7 16. Be3 fxe3 17. fxe3 g6 18. 0-0+ Kg7 19. Qxd6 Qd7 20. Rad1 Qxd6 21. Rxd6 Bf7 22. Nb1 Bxa2 23. Nd2 a5 24. b3 a4 25. bxa4 b4 26. cxb4 Nxb4 27. Bb3 Bxb3 28. Nxb3 Nec6 29. Rd7+ Kh6 30. Rff7 Nc2 31. a5 Bb4 32. a6 Nxe3 33. a7 Ra8 34. Rxh7+ Kg5 35. Rc7 Nd4 36. Nxd4 exd4 37. Kf2 Kf4 38. Rh4+ Kg5 39. g3 Ng4+ 40. Ke2 Bc3 41. Rc5+ Kf6 42. Rxg4 Rxa7 43. Rc6+ Ke5 44. Rcxg6 Ra2+ 45. Kd3 Rxh2 46. R6g5+ Ke6 47. Rf5 Rg2 48. Rg6+ Ke7 49. Ra6 Rd2+ 50. Kc4 Rb2 51. Rb5 Rg2 52. Rb7+ Kd8 53. Ra8# 1-0

[Event "Titled Tuesday intern op 31st Aug"]
[Site "Chess.com INT"]
[Date "2021.08.31"]
[Round "3"]
[White "Ovezdurdiyeva, Jemal"]
[Black "Obrien, Matthew J"]
[Result "1-0"]
[WhiteElo "2061"]
[BlackElo "2172"]
[PlyCount "65"]
[EventDate "2021.08.31"]
[EventType "swiss (blitz)"]
[EventRounds "11"]
[EventCountry "USA"]
[SourceTitle "EXT 2022"]
[Source "ChessBase"]
[SourceDate "2021.10.06"]
[SourceVersion "1"]
[SourceVersionDate "2021.10.06"]
[SourceQuality "1"]

1. e4 c5 2. Nf3 d6 3. d4 cxd4 4. Nxd4 Nf6 5. Nc3 g6 6. Be2 Bg7 7. 0-0 0-0 8. Be3 Nc6 9. Nb3 a6 10. f4 b5 11. Bf3 Bb7 12. e5 dxe5 13. fxe5 Nd7 14. e6 fxe6 15. Bg4 Nde5 16. Bxe6+ Kh8 17. Qe2 Qd6 18. Bh3 Nc4 19. Bc5 Qe5 20. Qxe5 Bxe5 21. Rxf8+ Rxf8 22. Re1 Kg7 23. a4 Nxb2 24. axb5 Bxc3 25. bxc6 Bxe1 26. cxb7 Rb8 27. Bc8 Bh4 28. Bd4+ Bf6 29. Ba7 Rxb7 30. Bxb7 Nc4 31. Bxa6 Nd6 32. c4 Kf7 33. c5 1-0

[Event "Checkmate Covid Rematch"]
[Site "Chess.com INT"]
[Date "2021.06.05"]
[Round "?"]
[White "Pal, Rohan"]
[Black "Obrien, Matthew J"]
[Result "1/2-1/2"]
[WhiteElo "1759"]
[BlackElo "2156"]
[PlyCount "96"]
[EventDate "2021.06.05"]
[EventType "swiss (blitz)"]
[EventRounds "20"]
[EventCountry "ENG"]
[SourceTitle "CBM 202 Extra"]
[Source "ChessBase"]
[SourceDate "2021.07.31"]
[SourceVersion "1"]
[SourceVersionDate "2021.07.31"]
[SourceQuality "1"]

1. e4 c5 2. Nf3 d6 3. d4 cxd4 4. Nxd4 Nf6 5. Nc3 a6 6. Be3 e6 7. f3 b5 8. Qd2 Bb7 9. 0-0-0 Nbd7 10. g4 h6 11. Kb1 b4 12. Nce2 d5 13. exd5 Nxd5 14. Nf4 Nxf4 15. Bxf4 Bc5 16. Bg2 Nf6 17. Rhe1 Bxd4 18. Qxd4 Qxd4 19. Rxd4 Nd5 20. Bg3 0-0 21. f4 a5 22. f5 Rfe8 23. fxe6 fxe6 24. Bxd5 Bxd5 25. Red1 Rf8 26. R4d2 Bf3 27. Re1 Bxg4 28. Rd4 Bf5 29. Be5 Rfc8 30. Rd7 Bxc2+ 31. Ka1 g6 32. Rg7+ Kf8 33. Rf1+ Bf5 34. Rh7 h5 35. Rh8+ Kf7 36. Rh7+ Kg8 37. Rh8+ Kf7 38. Rh7+ Ke8 39. Rd1 Rd8 40. Rh8+ Ke7 41. Rh7+ Kf8 42. Rh8+ Kf7 43. Rh7+ Kg8 44. Rh8+ Kf7 45. Rh7+ Ke8 46. Rh8+ Ke7 47. Rh7+ Kf8 48. Rh8+ Kf7 1/2-1/2